00694 2200241 4500001002100000005001500021035002000036007000300056008004100059082001200100084001800112100003300130245008100163250001000244300002500254650002900279700003200308264002600340336002100366337003000387338002300417990001200440INLIS00000000000059720251009103552 a0010-1025000031ta251009 0 ind  a297.324 a297.324 MA' k0 aMa'ruf Asrori, A.ePengarang1 aKhutbah Jum'at Reformasi Ibadah Ritual dan Ibadah Sosial /cA. Ma'ruf Asrori acet 1 a328 halaman ;c20 cm 4aAgama - Islam -- Ceramah0 aM. Rofiq ZakariaePengarang aSurabaya :bAl-Miftah 2rdacontentateks 2rdamediaatanpa perantara 2rdacarrieravolume a25.1085